| 000 | 00681nam a2200241 a 4500 | ||
|---|---|---|---|
| 003 | DO-SdBNP | ||
| 005 | 20220602090003.0 | ||
| 007 | ta | ||
| 008 | 220601e2017 txu||||er|||| 000 pdspa d | ||
| 020 | _a9781365846663 | ||
| 040 |
_aDO-SdBNP _bspa _cBNPHU |
||
| 082 | 4 |
_222 _bA719e |
|
| 100 | 1 |
_943630 _aAriza, Miguel _d1955- |
|
| 245 | 1 | 0 |
_aEn la piel de la mujer. / _cMiguel Ariza |
| 260 |
_aKingwood, Texas : _bBookanero, _c2017 |
||
| 300 |
_a128 p. ; _c23 cm. |
||
| 500 | _aIncluye datos del autor en la contracubierta. | ||
| 590 | _aInventariado 2022 / MF | ||
| 650 | 4 |
_96807 _aPoesía inglesa |
|
| 650 | 4 |
_948395 _aMujeres _xPoesías |
|
| 910 | _aMFeliz | ||
| 942 |
_2ddc _cLBS1 |
||
| 999 |
_c51873 _d51873 |
||